000 00698nam a2200229Ia 4500
005 20220805104423.0
008 131103s9999 xx 000 0 und d
020 _aSBN 412207508
040 _aLoreto College
041 _aEnglish
082 _a551.8
_bHIL
100 _aHills, Sherbon E.
245 _aElements of structural geology
_cE. Sherbon Hills
250 _a2nd Edition
260 _aChapmon and Hall Ltd. and Science Paperbacks
_b1972
_cx, 502 p.
300 _bill., fig. 23 cm.
504 _aFirst published 1963 by Methuen & Co., Second edition 1972 by Chapman and Hall
650 _aGeology -
651 _aGeology - Structural geology -
850 _aLCLIB
942 _cBK
999 _c1579
_d52058